000 01171cad a22001815a 4500
001 E151976
008 110117n xxk f 000 0 eng d
035 _a(Sirsi) u151976
041 0 _aeng
110 2 _aChartered Institute of Building
_92134
245 0 0 _aManaging the risk of delayed completion in the 21st century
_h[electronic resource]
260 _aAscot
_bCIOB
_c[200?]
520 _aPresents the results of research into time-management issues, including the importance of project engineers and project schedulers managing time, and standards of education and training; the construction industry's knowledge and experience of different methods of project control, and time management, record keeping, monitoring and training; also looks at how current and recent projects have been dealt with in terms of extensions of time and compensation for delay related costs.
651 4 _aUnited Kingdom
_y
690 _aConstruction management
_96230
856 4 0 _uhttps://www.ciob.org.uk/sites/ciob.org.uk/files/Managing%20the%20Risk%20of%20Delayed%20Completion%20in%20the%2021st%20Century.pdf
_zView the survey free of charge (PDF file) at www.ciob.org.uk
942 _n0
999 _c111772
_d111772